000 00530nam a22002171 4500
001 1223159
003 OSt
005 20180129072335.0
008 851217s1964 nyua b 000 0 eng
010 _a 63008274
040 _aDLC/ICU
_cICU
_dDLC
041 _aeng
080 _a612.846072
082 0 0 _a612.846072 BEN
100 1 _a4
101 _aSHM
245 1 4 _aThe oculomotor system,
_cby 29 authors.
504 _aIncludes bibliographies.
906 _a7
_bcbc
_corignew
_du
_eocip
_f19
_gy-gencatlg
942 _2ddc
_cBK
999 _c41160
_d41160